[Event "Galicia-ch U12"]
[Site "Galicia"]
[Date "2022.04.10"]
[Round "4"]
[White "Lopez Freiria, Noa"]
[Black "Souto Corredoura, Hugo"]
[Result "1/2-1/2"]
[WhiteElo "1061"]
[BlackElo "1312"]
[PlyCount "112"]
[EventDate "2022.04.09"]
[EventType "swiss"]
[EventRounds "8"]
[EventCountry "ESP"]
[SourceTitle "EXT 2023"]
[Source "ChessBase"]
[SourceDate "2022.10.05"]
[SourceVersion "1"]
[SourceVersionDate "2022.10.05"]
[SourceQuality "1"]

1. e4 c5 2. Nf3 Nf6 3. e5 Nd5 4. Bc4 Nb6 5. Na3 Nxc4 6. Nxc4 b5 7. Ne3 Bb7 8. Ng5 h6 9. Qh5 g6 10. Qh3 Bg7 11. Nf3 Nc6 12. Qg3 Qc7 13. Nd5 Qb8 14. e6 Qxg3 15. hxg3 0-0-0 16. exf7 g5 17. a4 b4 18. c3 e6 19. Ne3 Kc7 20. a5 Rdf8 21. a6 Ba8 22. Nc4 d5 23. Na5 Nxa5 24. Rxa5 Kb6 25. cxb4 cxb4 26. Ra2 d4 27. 0-0 Rxf7 28. Re1 Bd5 29. b3 Rf5 30. Bb2 Bxb3 31. Raa1 Rd8 32. Re4 Bd5 33. Bxd4+ Bxd4 34. Rxd4 e5 35. Rxb4+ Kc5 36. Raa4 Bxf3 37. gxf3 Rxf3 38. Kg2 Rff8 39. Rb2 Rb8 40. Ra5+ Kd6 41. Rab5 Kc7 42. Rb7+ Rxb7 43. Rxb7+ Kc6 44. Rxa7 Rh8 45. Rf7 Kb6 46. Rf6+ Ka7 47. Re6 Rh7 48. Rxe5 Kxa6 49. Re8 Kb5 50. Rc8 Rd7 51. Rh8 Rd6 52. Kf3 Kc4 53. Ke3 Rd3+ 54. Ke2 Rd6 55. f4 gxf4 56. gxf4 Kd5 1/2-1/2